| 000 | 00365nam a22001457a 4500 | ||
|---|---|---|---|
| 003 | OSt | ||
| 005 | 20160727222456.0 | ||
| 008 | 160705b xxu||||| |||| 00| 0 eng d | ||
| 040 | _cTEST | ||
| 100 |
_92187 _a Kumar, S |
||
| 245 | _aStories from Panchatantra | ||
| 260 |
_aN.D _b Children Books Trust _c2004 |
||
| 300 | _aStories from Panchatantra | ||
| 942 |
_2ddc _cBK |
||
| 999 |
_c1877 _d1877 |
||